Re-pensando la seguridad : como una ventaja competitiva : [la prevención es un principio fundamental que es común a la calidad y a la seguridad]
Αποθηκεύτηκε σε:
| Κύριος συγγραφέας: | |
|---|---|
| Μορφή: | Βιβλίο |
| Γλώσσα: | Undetermined |
| Έκδοση: |
[San José], C.R. : Instituto Nacional de Seguros
1999
|
| Θέματα: | |
| Ετικέτες: |
Προσθήκη ετικέτας
Δεν υπάρχουν, Καταχωρήστε ετικέτα πρώτοι!
|
MARC
| LEADER | 00000nam a2200000Ia 4500 | ||
|---|---|---|---|
| 003 | 000030 | ||
| 005 | 20221231144017.0 | ||
| 008 | 140114s9999 xx 000 0 und d | ||
| 020 | |a 9968933251 | ||
| 040 | |c cru CEDI | ||
| 082 | |a 368.009.728.6 Ch512r | ||
| 100 | |a Chavez Donoso, Samuel |9 20603 | ||
| 245 | |a Re-pensando la seguridad : como una ventaja competitiva : [la prevención es un principio fundamental que es común a la calidad y a la seguridad] | ||
| 260 | |a [San José], C.R. : Instituto Nacional de Seguros |c 1999 | ||
| 300 | |a 228 páginas : ilustraciones | ||
| 500 | |a "75 Aniversario Instituto Nacional de Seguros" | ||
| 650 | |x INSTITUTO NACIONAL DE SEGUROS (COSTA RICA) |x SEGUROS |x COSTA RICA |x SEGURIDAD PUBLICA |9 20604 | ||
| 942 | |2 ddc |c BK | ||
| 999 | |c 15586 |d 15586 | ||
